000 00464nam a2200181Ia 4500
001 31808
003 IN-NITTTR
005 20251114233425.0
008 251113s9999||||xx |||||||||||||| ||eng||
040 _beng
040 _cIN-NITTTR
041 _aeng
082 _a620.82 P39
100 _aNoyes, Jan
245 0 _aPeople in control :
_b human factors in control room design /
_cNoyes, Jan, Bransby, Matthew
700 _a Bransby, Matthew
942 _2ddc
_cBK
999 _c34438
_d34438